000 00318nam a2200133Ia 4500
008 220803s9999 xx 000 0 und d
041 _aeng
082 _a711.4 MAN
100 _aMankar S
_913772
245 _aUGC Handbook
260 _aNew Delhi
_bPenguin Pub.
_c1999
300 _a343p
650 _aUrban Design
_913773
999 _c10603
_d10603